000
00312nam a2200109Ia 4500
008
200302s9999 xx 000 0 und d
100
_a
Dscar Riera Ojeda & Others
245
_a
Hyper-realistic Computer Generated Architectural Rendernigs
260
_b
Rockport Publishers Inc.,
260
_c
1996
300
_a
191 P.,
999
_c
2074
_d
2074